In Walks Jesus / (Record no. 3881)

MARC details
000 -LEADER
fixed length control field 00646nam a22002177a 4500
003 - CONTROL NUMBER IDENTIFIER
control field GBCCL
005 - DATE AND TIME OF LATEST TRANSACTION
control field 20241126110506.0
008 - FIXED-LENGTH DATA ELEMENTS--GENERAL INFORMATION
fixed length control field 171215b xxu||||| |||| 00| 0 eng d
020 ## - INTERNATIONAL STANDARD BOOK NUMBER
International Standard Book Number 0570096855
040 ## - CATALOGING SOURCE
Transcribing agency gbc
082 ## - DEWEY DECIMAL CLASSIFICATION NUMBER
Classification number 269.2
Item number MUE
100 ## - MAIN ENTRY--PERSONAL NAME
Personal name Mueller, Peter E.
9 (RLIN) 7625
245 ## - TITLE STATEMENT
Title In Walks Jesus /
Statement of responsibility, etc. Peter E. Mueller
260 ## - PUBLICATION, DISTRIBUTION, ETC.
Place of publication, distribution, etc. St. Louis:
Name of publisher, distributor, etc. Concordia Publishing House,
Date of publication, distribution, etc. 1997
300 ## - PHYSICAL DESCRIPTION
Extent 85 p.;
Dimensions 23 cm.
440 ## - SERIES STATEMENT/ADDED ENTRY--TITLE
Title New Life Series
9 (RLIN) 7626
650 ## - SUBJECT ADDED ENTRY--TOPICAL TERM
Topical term or geographic name entry element Witness bearing (Christianity)
9 (RLIN) 428
650 ## - SUBJECT ADDED ENTRY--TOPICAL TERM
Topical term or geographic name entry element Evangelistic work.
9 (RLIN) 290
650 ## - SUBJECT ADDED ENTRY--TOPICAL TERM
Topical term or geographic name entry element Christian education -- Textbooks for adults -- Lutheran.
9 (RLIN) 9947
942 ## - ADDED ENTRY ELEMENTS (KOHA)
Source of classification or shelving scheme Dewey Decimal Classification
Koha item type Books
Holdings
Withdrawn status Lost status Source of classification or shelving scheme Damaged status Not for loan Home library Current Library Shelving location Date acquired Total checkouts Full call number Barcode Date last seen Copy number Price effective from Koha item type
    Dewey Decimal Classification     GRACE BIBLE COLLEGE GRACE BIBLE COLLEGE Ministry & Mission 2017-12-15   269.2 MUE 013237 2025-05-01 c.3 2017-12-15 Books
    Dewey Decimal Classification     GRACE BIBLE COLLEGE GRACE BIBLE COLLEGE Ministry & Mission 2017-12-15   269.2 MUE 013236 2025-05-01 c.4 2017-12-15 Books
    Dewey Decimal Classification     GRACE BIBLE COLLEGE GRACE BIBLE COLLEGE Ministry & Mission 2017-12-15   269.2 MUE 007698 2025-05-01 c.1 2017-12-15 Books
    Dewey Decimal Classification     GRACE BIBLE COLLEGE GRACE BIBLE COLLEGE Ministry & Mission 2018-01-12   269.2 MUE 013235 2025-05-01 c.2 2018-01-12 Books
© Grace Bible College Library 2025